000 00237nam a2200097Ia 4500
001 725139
005 20250826163403.0
008 250824s9999 xx 000 0 und d
245 0 _aAYI OLAMAYAN AYI
_cFRANK TASHLIN
260 _bHAYY YAYINLARI
999 _c725139
_d725139